Pays les plus éloignés de la Mer - Statistiques

Statistiques générales
  • Ce quiz a été pris 115 fois
  • Le résultat moyen est 15 sur 20
Statistiques - réponses
Km Continent Pays % Correct
697 Asie Mongolie
89%
733 Asie Kazakhstan
88%
1288 Asie Tadjikistan
88%
1589 Asie Kirghizistan
86%
1174 Asie Ouzbékistan
86%
757 Afrique Tchad
83%
510 Asie Népal
82%
556 Afrique République Centrafricaine
79%
885 Asie Turkménistan
78%
587 Afrique Niger
76%
582 Amérique Paraguay
74%
969 Afrique Rwanda
73%
480 Asie Bhoutan
72%
759 Afrique Ouganda
72%
932 Afrique Burundi
71%
764 Afrique Soudan du Sud
69%
449 Asie Afghanistan
68%
597 Afrique Zambie
67%
452 Afrique Botswana
66%
477 Afrique Burkina Faso
55%
Aucun quiz correspondant
Distribution des résultats
% des personnes avec chaque résultat
Percentile par nombre de réponses
Votre historique - résultats
Vous n’avez pas pris ce quiz